000 00797nam a22002177a 4500
005 20250924042517.0
008 250924b ||||| |||| 00| 0 eng d
020 _a9711105624
040 _aCvSU-CCAT Campus Library.
_cCvSU-CCAT Campus Library.
_erda.
041 _aEnglish.
050 _aCIR QA 303
_bSc33 1988
100 _aMendelson, Elliott, author.
_917278
245 _aSchaum's 3000 solved problems in Calculus /
_cElliott Mendelson.
260 _aNew York :
_bMcGraw-Hill Book Company,
_cc1988.
300 _av, 442 pages :
_billustrations ;
_c27 cm
504 _aIncludes bibliographical references and index.
541 _e5598
546 _aIn English text.
650 _aCalculus -- Problems, exercises, etc.
_917279
942 _2lcc
_cBK
_hQA 303 Sc33 1988
_kCIR
999 _c4404
_d4404